Comptabilité analytique Analyse, prévision et contrôle des couts

Saved in:
Bibliographic Details
Main Author: Leclére, Didier
Format: Book
Language:French
Published: Paris Eyrolles 1991
Edition:1. éd.
Subjects:
Tags: Add Tag
No Tags, Be the first to tag this record!

MARC

LEADER 00000nam a2200000 4500
001 c001278
005 20221214102021.4
041 0 |a fre 
044 |a FR 
245 1 0 |a Comptabilité analytique  |b Analyse, prévision et contrôle des couts  |c Didier Leclére 
250 |a 1. éd. 
264 1 |a Paris  |b Eyrolles  |c 1991 
300 |a 179 s. 
610 2 0 |a účtovníctvo 
610 2 0 |a náklady 
610 2 0 |a rozpočtovníctvo 
610 2 0 |a kontrola 
610 2 0 |a podnik 
610 2 0 |a informácie ekonomické 
610 2 0 |a analýza nákladov 
610 2 0 |a náklady priame 
610 2 0 |a náklady druhotné 
610 2 0 |a náklady úhrnné 
610 2 0 |a organizácia práce 
610 2 0 |a náklady fixné 
610 2 0 |a modelovanie 
610 2 0 |a náklady variabilné 
610 2 0 |a kontrola ekonomická 
610 2 0 |a kalkulácia 
100 1 |a Leclére, Didier